Регионална библиотека "Любен Каравелов" - Русе

Туризъм и туроператорска дейност (Запис номер 45609)

MARC детайли
000 -Лидер
Контролно поле с фиксирана дължина 01573nam a2200325 c 4500
003 - Код на организацията, давaща контролен номер
Контролно поле BLK
005 - Дата и час на последна редакция
Контролно поле 20180420221648.0
008 - Елементи от данни с фиксирана дължина
fixed length control field 180408b bul|||||r ||||||| ||bul||
010 ## - Наследен системен номер
LC control number KNG00049406000
040 ## - Източник на каталожния запис
Идентификатор на билиотеката - собственик на записа BLK
041 ## - Код за език
Код за езика на текст/звукозапис или на отделно заглавие Български
Код за езика КДБФ Български
080 ## - УДК
Текстов определител УДК Туризмът от стопанско гледище. Политика по отношение на туризма. Икономика и организация на туризма. Вътрешен и международен туризъм. Вж и 379.8
УДК код - определител по УДК 338.48
УДК определител (497.2)(094)
УДК - код + определител 338.48(497.2)(094)
100 1# - Редна дума - Автор
Автор Хаджикоцева, Младенка
Авторска отговорност първи автор
R(LIN) 280347
139 ## - Редно поле
Редна дума Хаджикоцева, Младенка и др.
Авторски знак Хаджи - Х 15
245 10 - Сведения за заглавието
Заглавие Туризъм и туроператорска дейност
Подзаглавни данни Регистрация ; категоризиране ; контрол
Редно поле (дума) Младенка Хаджикоцева; съавт. Стилиян Георгиев.
257 ## - Страна на издаване
Страна на създаване/издаване България
260 ## - Област на издателските данни
-- София
Име на издателя, разпространителя и проч. Нова звезда
Година на издаване 2005
300 ## - Физическа характеристика
Страници 248 с.
Илюстрации и др. с табл.
Размери/Мащаб 21 см
380 ## - Жанр
Жанр Обществени науки
650 #4 - Допълнително описание по предмет – тема
Основно описание – тема или топоним Туризъм - България - законодателни и директивни материали
9 (RLIN) 280349
653 ## - Ключова дума – ненормативна
Ключова дума туризъм
653 ## - Ключова дума – ненормативна
Ключова дума туристически обекти
653 ## - Ключова дума – ненормативна
Ключова дума нормативни документи
700 1# - Други автори (авторска отговорност)
Лично име Георгиев, Стилиян
Автороска отговорност (Описва отношението между автора и произведението) съавт.
9 (RLIN) 280348
852 ## - Местоположение
Форматна сигнатура Цб 223327
856 4# - Електронен адрес и достъп
Електронен формат pdf - файл
Път до файла /url/
856 4# - Електронен адрес и достъп
Електронен формат pdf - файл
Път до файла /url/
942 ## - АРТИКУЛИ
Вид на библиотечния материал Книги
Скрит в OPAC Не
944 ## - СЪЗДАВАНЕ И РЕДАКЦИЯ на ЗАПИСА
Създаване/Редакция Създаване
Дата на регистрацията/редакция 12.04.2005
Служител, извършил регистрацията/редакцията Геновева_Генчева
944 ## - СЪЗДАВАНЕ И РЕДАКЦИЯ на ЗАПИСА
Създаване/Редакция Редакция
Дата на регистрацията/редакция 18.04.2005
Служител, извършил регистрацията/редакцията
999 ## - СИСТЕМНИ КОНТРОЛНИ НОМЕРА
Koha biblionumber 45609
Koha biblioitemnumber 45609
Наличности
Код за отписване Код за изгубен артикул Код за повреда Коз за рестрикции Код за отдаване Артикулен № Име на библиотеката - собственик Име на библиотеката, в която се намира в момента Статус (Текущо местоположение) Дата на вписване в системата Местоположение - отдел Цена в лева Инвентарен номер Систематично азбучна сигнатура Баркод Номер на екземпляра Цена в евро Служебна бележка Служебен тип на артикула
  Не е изгубен Не е повреден без рестрикции ползва се в читалня 71721 Регионална библиотека "Любен Каравелов" Русе Регионална библиотека "Любен Каравелов" Русе Читалня 2005-04-12 Читалня 8.00 120000693130 Ч 338.4/Х 15 120000693130 1 4.09 Дост: Pk Вид: Ф N: 29410 Дата: 11.04.2005 Дата инв: 29.03.2017 Бележки инв: Ч2017 Книги
Vip Innovations Ltd, Rousse, Bulgaria 2025